Normal view
MARC view
- MEGNETOOPTICS, THIN FILM, NANOSTUCTURES.MEGNETOOPTICS-PICAL DEVICES
Entry Topical Term
001 - CONTROL NUMBER
- control field: 61698
003 - CONTROL NUMBER IDENTIFIER
- control field: NUST
005 - DATE AND TIME OF LATEST TRANSACTION
- control field: 20210628202812.0
008 - FIXED-LENGTH DATA ELEMENTS
- fixed length control field: 210628|| aca||aabn | a|a d
040 ## - CATALOGING SOURCE
- Original cataloging agency: NUST
- Transcribing agency: NUST
150 ## - HEADING--TOPICAL TERM
- Topical term or geographic name entry element: MEGNETOOPTICS, THIN FILM, NANOSTUCTURES.MEGNETOOPTICS-PICAL DEVICES
670 ## - SOURCE DATA FOUND
- Source citation: Work cat.: (NUST): Visnovsky, Stefan 61697, Optics in magnetic multilayers and nanostructures, 2006
